000 00340nam a2200145Ia 4500
005 20251222153534.0
008 251222s9999||||xx |||||||||||||| ||spa||
020 _a8422638754
082 _a863/G14
100 _aGala, Antonio
245 0 _aCharlas con Troylo
250 _a1ra.ed.
264 _bCĂ­rculo de Lectores, S.A.
942 _cLIB
999 _c30189
_d30189